Регионална библиотека "Любен Каравелов" - Русе

Какво е акото? (Запис номер 392587)

MARC детайли
000 -Лидер
Контролно поле с фиксирана дължина 01399nam a2200313 a 4500
003 - Код на организацията, давaща контролен номер
Контролно поле BLK
005 - Дата и час на последна редакция
Контролно поле 20250614120337.0
008 - Елементи от данни с фиксирана дължина
fixed length control field 200925b bu |||||r|||| 00| 0 bu d
020 ## - Международен стандартен номер на книга ISBN
Международен стандартен номер на книга ISBN 9786191995745
040 ## - Източник на каталожния запис
Идентификатор на билиотеката - собственик на записа BLK
041 ## - Код за език
Код за езика на текст/звукозапис или на отделно заглавие Български
Код за езика КДБФ Български
080 ## - УДК
Текстов определител УДК Издания за деца и юноши. Книжки-картинки. Читанки. Вж и 372.4
УДК код - определител по УДК 087.5
УДК - код + определител 087.5
100 ## - Редна дума - Автор
Автор Дейнс, Кейти
Авторска отговорност първи автор
R(LIN) 1299
139 ## - Редно поле
Редна дума Дейнс, Кейти
Авторски знак Деи - Д 34
245 ## - Сведения за заглавието
Заглавие Какво е акото?
Подзаглавни данни Първи въпроси и отговори
Редно поле (дума) Кейти Дейнс ; ил. Марта Алварес Мигенс
260 ## - Област на издателските данни
9 (RLIN) 209475
Място на издаване, разпространение и проч. Китай
Име на издателя, разпространителя и проч. Фют
Година на издаване 2019
Издателство - префикс ISBN 978-619-199- ; 978-954-625-
300 ## - Физическа характеристика
Размери/Мащаб 20 см
Страници 12 с.
Илюстрации и др. с цв. ил
380 ## - Жанр
Жанр Детска отраслова лит.
501 ## - Забележка „подвързано към”
Забележка: Подвързано към... Кор. опис.<br/>Името на ил. Марта Алварес Мигенс погрешно отпеч. Марта Арварес Мигенс<br/>Прев. от англ. ез.<br/>Кн. отпеч. на ламиниран картон<br/>Доп. тир. 2020
700 ## - Други автори (авторска отговорност)
9 (RLIN) 599
Лично име Алварес Мигенс, Марта
Автороска отговорност (Описва отношението между автора и произведението) ил.
852 ## - Местоположение
Фондова буква Детски отдел
Систематично-азбучна сигнатура 61/Д 34 К
852 ## - Местоположение
Фондова буква Хранилище
Форматна сигнатура Цб 307112
999 ## - СИСТЕМНИ КОНТРОЛНИ НОМЕРА
Koha biblionumber 392587
Koha biblioitemnumber 392587
942 ## - АРТИКУЛИ
Вид на библиотечния материал Книги
Скрит в OPAC Не
Периодичен библиозапис Да
Koha issues (borrowed), all copies 56
944 ## - СЪЗДАВАНЕ И РЕДАКЦИЯ на ЗАПИСА
Създаване/Редакция Създаване
Дата на регистрацията/редакция 2020-12-30
Служител, извършил регистрацията/редакцията 30552
Статус, дата на статуса Виолета Тройчева
944 ## - СЪЗДАВАНЕ И РЕДАКЦИЯ на ЗАПИСА
Създаване/Редакция Редакция
Дата на регистрацията/редакция 2021-03-10
Служител, извършил регистрацията/редакцията К.Д.
999 ## - СИСТЕМНИ КОНТРОЛНИ НОМЕРА
Koha biblioitemnumber 392587
999 ## - СИСТЕМНИ КОНТРОЛНИ НОМЕРА
Koha biblioitemnumber 392587
999 ## - СИСТЕМНИ КОНТРОЛНИ НОМЕРА
Koha biblioitemnumber 388807
Наличности
Код за отписване Код за изгубен артикул Източник на класификационната схема Код за повреда Коз за рестрикции Код за отдаване Артикулен № Име на библиотеката - собственик Име на библиотеката, в която се намира в момента Статус (Текущо местоположение) Дата на вписване в системата Местоположение - отдел Цена в лева Систематично азбучна сигнатура Баркод Цена в евро Служебен тип на артикула
  Не е изгубен Universal Decimal Classification Не е повреден без рестрикции заемане за дома 805996 Регионална библиотека "Любен Каравелов" Русе Регионална библиотека "Любен Каравелов" Русе Детски отдел 2021-01-02 Детски отдел 8.18 61/Д 34 К 120000850339 4.18 Книги
  Не е изгубен Universal Decimal Classification Не е повреден без рестрикции заемане за дома 805997 Регионална библиотека "Любен Каравелов" Русе Регионална библиотека "Любен Каравелов" Русе Детски отдел 2021-01-02 Детски отдел 8.18 61/Д 34 К 120000850338 4.18 Книги
  Не е изгубен Universal Decimal Classification Не е повреден само за читалня ползва се в читалня 815904 Регионална библиотека "Любен Каравелов" Русе Регионална библиотека "Любен Каравелов" Русе Хранилище 2021-03-10 Хранилище 10.90 Цб 307112 120000853180 5.57 Книги
Vip Innovations Ltd, Rousse, Bulgaria 2025